[Event "Charlotte Spring-B 2022"]
[Site "Charlotte"]
[Date "2022.03.19"]
[Round "6.1"]
[White "Wang, Tianqi"]
[Black "Almeida Saenz, Alfonso"]
[Result "1-0"]
[WhiteElo "2322"]
[BlackElo "2259"]
[Annotator "NA"]
[PlyCount "49"]
[EventDate "2022.03.16"]
[EventType "tourn"]
[EventCountry "USA"]
[SourceTitle "playchess.com"]
[Source "ChessBase"]
[SourceQuality "1"]
[TimeControl "5400+30"]

1. e4 {[%emt 0:00:05]} c5 {[%emt 0:02:15]} 2. Nc3 {[%emt 0:00:08]} d6 {[%emt 0:00:29]} 3. f4 {[%emt 0:00:08]} Nc6 {[%emt 0:00:08]} 4. Nf3 {[%emt 0:00:09]} g6 {[%emt 0:00:17]} 5. Bc4 {[%emt 0:00:08]} Bg7 {[%emt 0:00:09]} 6. O-O {[%emt 0:00:06]} Nf6 {[%emt 0:01:12]} 7. d3 {[%emt 0:00:08]} Be6 {[%emt 0:00:22]} 8. Bb5 {[%emt 0:10:01]} Qb6 {[%emt 0:05:04]} 9. Qe1 {[%emt 0:01:32]} a6 {[%emt 0:00:18]} 10. Ba4 {[%emt 0:01:45]} O-O {[%emt 0:01:25]} 11. Bxc6 {[%emt 0:02:54]} Qxc6 {[%emt 0:00:07]} 12. Qh4 {[%emt 0:00:08]} c4 {[%emt 0:24:13]} 13. f5 {[%emt 0:05:07]} gxf5 $11 {[%emt 0:01:11]} 14. Bh6 {[%emt 0:00:49]} Bxh6 {[%emt 0:02:20]} 15. Qxh6 {[%emt 0:00:41]} Qb6+ {[%emt 0:00:00]} 16. d4 {[%emt 0:09:06]} Qxb2 {[%emt 0:00:32]} 17. Na4 {[%emt 0:08:23]} Qxc2 {[%emt 0:01:05]} 18. Ng5 {[%emt 0:05:36]} Qe2 {[%emt 0:02:02]} 19. Rf3 {[%emt 0:08:25]} Qd2 {[%emt 0:00:45]} 20. Raf1 {[%emt 0:03:16]} Qxd4+ {[%emt 0:00:33]} 21. Kh1 {[%emt 0:00:18]} Rfc8 {[%emt 0:03:51]} 22. Rg3 {[%emt 0:02:54]} Ng4 {[%emt 0:01:28]} 23. Rxg4 {[%emt 0:00:35]} Qg7 {[%emt 0:00:03]} 24. Nxe6 {[%emt 0:01:03]} Qxg4 {[%emt 0:00:06]} 25. Ng5 {[%emt 0:00:03]} 1-0

[Event "Charlotte Spring-B 2022"]
[Site "Charlotte"]
[Date "2022.03.19"]
[Round "6.2"]
[White "Plotkin, Mark"]
[Black "Ngo, Bach"]
[Result "0-1"]
[WhiteElo "2400"]
[BlackElo "2306"]
[Annotator "NA"]
[PlyCount "204"]
[EventDate "2022.03.16"]
[EventType "tourn"]
[EventCountry "USA"]
[SourceTitle "playchess.com"]
[Source "ChessBase"]
[SourceQuality "1"]
[TimeControl "5400+30"]

1. c4 {[%emt 0:07:46]} Nf6 {[%emt 0:00:10]} 2. Nc3 {[%emt 0:00:05]} e6 {[%emt 0:00:15]} 3. Nf3 {[%emt 0:01:20]} d5 {[%emt 0:02:47]} 4. e3 {[%emt 0:00:56]} Be7 {[%emt 0:00:39]} 5. d4 {[%emt 0:01:44]} O-O {[%emt 0:00:25]} 6. Bd3 {[%emt 0:02:45]} dxc4 {[%emt 0:02:01]} 7. Bxc4 {[%emt 0:00:09]} a6 {[%emt 0:00:09]} 8. a4 {[%emt 0:00:42]} b6 {[%emt 0:01:11]} 9. O-O {[%emt 0:03:28]} Bb7 {[%emt 0:00:21]} 10. Qe2 {[%emt 0:00:42]} c5 {[%emt 0:06:31]} 11. dxc5 {[%emt 0:04:48]} bxc5 {[%emt 0:03:27]} 12. e4 {[%emt 0:08:18]} Nc6 {[%emt 0:01:20]} 13. e5 {[%emt 0:02:38]} Nd5 $11 {[%emt 0:07:02]} (13... Nd7 $5 {[%cal Rc6d4]}) 14. Rd1 {[%emt 0:03:51]} Na5 {[%emt 0:03:53]} 15. Bd3 {[%emt 0:13:24]} Nb3 {[%emt 0:04:25]} 16. Rb1 {[%emt 0:09:17]} Nxc1 {[%emt 0:06:32]} 17. Rbxc1 {[%emt 0:00:07]} Qb6 {[%emt 0:00:59]} 18. Bb1 {[%emt 0:06:41]} Rfd8 {[%emt 0:04:50]} 19. Ne4 {[%emt 0:03:48]} Qb3 {[%emt 0:08:55]} 20. g3 {[%emt 0:11:49]} h6 {[%emt 0:05:04]} 21. Bc2 {[%emt 0:01:19]} Qb6 {[%emt 0:01:07]} 22. Nfd2 {[%emt 0:00:22]} Nb4 {[%emt 0:01:22]} 23. Nc4 {[%emt 0:00:18]} Qc7 {[%emt 0:00:47]} 24. Ncd6 {[%emt 0:01:55]} Nxc2 {[%emt 0:38:18]} 25. Rxc2 {[%emt 0:00:49]} Bxe4 {[%emt 0:00:00]} 26. Qxe4 {[%emt 0:00:02]} Rab8 {[%emt 0:00:00]} 27. Qf4 {[%emt 0:06:41]} Bxd6 {[%emt 0:00:00]} 28. exd6 {[%emt 0:00:15]} Qc6 {[%emt 0:00:00]} 29. Rdd2 {[%emt 0:01:49]} Rb6 {[%emt 0:00:00]} 30. b4 {[%emt 0:00:55]} Qb7 {[%emt 0:00:00]} 31. Qe5 {[%emt 0:04:01]} Rxb4 {[%emt 0:00:00]} 32. Qxc5 {[%emt 0:00:14]} Rb1+ {[%emt 0:00:00]} 33. Rc1 {[%emt 0:00:02]} Qb4 {[%emt 0:00:00]} 34. Qxb4 {[%emt 0:01:30]} Rxb4 {[%emt 0:00:00]} 35. Rc7 {[%emt 0:00:55]} Rxa4 {[%emt 0:00:00]} 36. Rb2 {[%emt 0:00:14]} Ra5 {[%emt 0:00:00]} 37. Rb6 {[%emt 0:00:58]} Rd5 {[%emt 0:00:00]} 38. Rxa6 {[%emt 0:00:10]} R8xd6 {[%emt 0:00:00]} 39. Ra8+ {[%emt 0:00:15]} Rd8 {[%emt 0:00:00]} 40. Rxd8+ {[%emt 0:00:05]} Rxd8 {[%emt 0:00:04]} 41. h4 {[%emt 0:00:06]} g5 {[%emt 0:00:07]} 42. hxg5 {[%emt 0:00:10]} hxg5 {[%emt 0:00:02]} 43. Kg2 {[%emt 0:00:08]} Kg7 {[%emt 0:00:04]} 44. Rc5 {[%emt 0:00:27]} Rd5 {[%emt 0:09:43]} 45. Rc8 {[%emt 0:00:13]} Kg6 {[%emt 0:00:00]} 46. g4 {[%emt 0:00:10]} Rd3 {[%emt 0:00:00]} 47. Ra8 {[%emt 0:00:12]} Kg7 {[%emt 0:00:00]} 48. Rb8 {[%emt 0:00:06]} Kf6 {[%emt 0:00:00]} 49. Rg8 {[%emt 0:00:07]} Rd5 {[%emt 0:00:00]} 50. Kg3 {[%emt 0:00:10]} Ke7 {[%emt 0:03:00]} 51. Ra8 {[%emt 0:00:28]} Rd3+ {[%emt 0:00:00]} 52. Kg2 {[%emt 0:00:07]} Rc3 {[%emt 0:00:00]} 53. Rg8 {[%emt 0:00:05]} Rc5 {[%emt 0:00:00]} 54. Ra8 {[%emt 0:00:06]} Kd6 {[%emt 0:00:00]} 55. Rf8 {[%emt 0:00:05]} Rc7 {[%emt 0:00:00]} 56. Rg8 {[%emt 0:00:05]} f6 {[%emt 0:00:00]} 57. Ra8 {[%emt 0:00:05]} Rc5 {[%emt 0:00:00]} 58. Ra4 {[%emt 0:00:25]} Kd5 {[%emt 0:00:00]} 59. f3 {[%emt 0:00:07]} Rc6 {[%emt 0:00:00]} 60. Kg3 {[%emt 0:00:11]} Rc4 {[%emt 0:00:00]} 61. Ra5+ {[%emt 0:00:05]} Rc5 {[%emt 0:00:00]} 62. Ra4 {[%emt 0:00:04]} f5 {[%emt 0:00:00]} 63. gxf5 {[%emt 0:00:04]} exf5 {[%emt 0:00:00]} 64. Ra8 {[%emt 0:00:04]} Ke5 {[%emt 0:00:00]} 65. Re8+ {[%emt 0:00:15]} Kf6 {[%emt 0:00:00]} 66. Rf8+ {[%emt 0:00:02]} Kg7 {[%emt 0:00:00]} 67. Ra8 {[%emt 0:00:15]} Rc3 {[%emt 0:00:00]} 68. Ra7+ {[%emt 0:00:05]} Kg6 {[%emt 0:00:00]} 69. Kg2 {[%emt 0:02:30]} Rc2+ {[%emt 0:00:00]} 70. Kf1 {[%emt 0:00:12]} Kf6 {[%emt 0:00:00]} 71. Ra5 {[%emt 0:00:07]} Rb2 {[%emt 0:00:00]} 72. Rc5 {[%emt 0:00:05]} Kg6 {[%emt 0:00:00]} 73. Ra5 {[%emt 0:00:05]} Rc2 {[%emt 0:00:00]} 74. Rb5 {[%emt 0:00:07]} Ra2 {[%emt 0:00:00]} 75. Rc5 {[%emt 0:00:06]} f4 {[%emt 0:00:00]} 76. Rc8 {[%emt 0:00:14]} Kf5 {[%emt 0:00:00]} 77. Rc5+ {[%emt 0:00:13]} Kg6 {[%emt 0:00:00]} 78. Rc8 {[%emt 0:00:04]} Kf6 {[%emt 0:14:00]} 79. Rc5 {[%emt 0:00:15]} Rb2 {[%emt 0:00:00]} 80. Ra5 {[%emt 0:00:04]} Kg6 {[%emt 0:00:00]} 81. Ra8 {[%emt 0:00:04]} Rb5 {[%emt 0:00:00]} 82. Kg2 {[%emt 0:00:18]} Kf5 {[%emt 0:00:00]} 83. Rg8 {[%emt 0:02:22]} Rb2+ {[%emt 0:00:00]} 84. Kf1 {[%emt 0:00:04]} Rd2 {[%emt 0:00:00]} 85. Ke1 {[%emt 0:00:43]} Rc2 {[%emt 0:00:00]} 86. Kf1 {[%emt 0:00:05]} Rh2 {[%emt 0:00:00]} 87. Kg1 {[%emt 0:00:07]} Rd2 {[%emt 0:00:00]} 88. Kf1 {[%emt 0:00:05]} Ke5 {[%emt 0:00:00]} 89. Rxg5+ {[%emt 0:00:31]} Kd4 {[%emt 0:00:00]} 90. Ra5 {[%emt 0:00:10]} Ke3 {[%emt 0:00:00]} 91. Ra3+ {[%emt 0:01:15]} Rd3 {[%emt 0:00:00]} 92. Ra8 {[%emt 0:00:58]} Kxf3 {[%emt 0:00:00]} 93. Kg1 {[%emt 0:00:16]} Rd1+ {[%emt 0:00:00]} 94. Kh2 {[%emt 0:00:01]} Ke2 {[%emt 0:00:00]} 95. Rf8 {[%emt 0:02:37]} f3 {[%emt 0:00:00]} 96. Re8+ {[%emt 0:01:25]} Kf1 {[%emt 0:00:00]} 97. Rf8 {[%emt 0:00:32]} Rd2+ {[%emt 0:00:00]} 98. Kh1 {[%emt 0:00:06]} f2 {[%emt 0:00:00]} 99. Ra8 {[%emt 0:01:42]} Ke1 {[%emt 0:00:00]} 100. Re8+ {[%emt 0:00:19]} Re2 {[%emt 0:00:00]} 101. Rf8 {[%emt 0:00:02]} Re5 {[%emt 0:00:00]} 102. Kg2 {[%emt 0:00:09]} Rg5+ {[%emt 0:00:00]} 0-1

[Event "Charlotte Spring-B 2022"]
[Site "Charlotte"]
[Date "2022.03.19"]
[Round "6.4"]
[White "Adewumi, Tanitoluwa"]
[Black "Rusonik, Max"]
[Result "1/2-1/2"]
[WhiteElo "2190"]
[BlackElo "2141"]
[Annotator "NA"]
[PlyCount "96"]
[EventDate "2022.03.16"]
[EventType "tourn"]
[EventCountry "USA"]
[SourceTitle "playchess.com"]
[Source "ChessBase"]
[SourceQuality "1"]
[TimeControl "5400+30"]

1. d4 {[%emt 0:00:04]} d5 {[%emt 0:00:14]} 2. Bf4 {[%emt 0:00:06]} c5 {[%emt 0:00:24]} 3. e3 {[%emt 0:00:15]} cxd4 {[%emt 0:00:24]} 4. exd4 {[%emt 0:00:11]} Nc6 {[%emt 1:31:28]} 5. Nf3 {[%emt 0:00:19]} Bf5 {[%emt 0:00:00]} 6. Nbd2 {[%emt 0:01:08]} f6 {[%emt 0:00:00]} 7. c4 {[%emt 0:05:16]} g5 {[%emt 0:00:00]} 8. cxd5 {[%emt 0:04:29]} Qxd5 {[%emt 0:00:00]} 9. Bc4 {[%emt 0:01:50]} Qd7 {[%emt 0:00:00]} 10. Be3 {[%emt 0:01:03]} e6 {[%emt 0:00:00]} 11. O-O {[%emt 0:00:43]} Nge7 {[%emt 0:00:00]} 12. Rc1 {[%emt 0:02:05]} Rc8 {[%emt 0:00:00]} 13. Qe2 {[%emt 0:01:56]} Nd5 {[%emt 0:00:00]} 14. Nb3 {[%emt 0:01:18]} Nb6 {[%emt 0:00:00]} 15. d5 {[%emt 0:04:44]} Nxc4 {[%emt 0:00:00]} 16. dxc6 {[%emt 0:01:04]} Rxc6 {[%emt 0:00:00]} 17. Nfd4 {[%emt 0:18:14]} Nxe3 {[%emt 0:00:00]} 18. Qxe3 {[%emt 0:01:19]} Rxc1 {[%emt 0:00:00]} 19. Rxc1 {[%emt 0:00:05]} Kf7 {[%emt 0:07:30]} 20. Nxf5 {[%emt 0:00:28]} exf5 {[%emt 0:00:00]} 21. Qxa7 {[%emt 0:00:46]} Be7 {[%emt 0:00:00]} 22. Qe3 {[%emt 0:01:58]} Rd8 {[%emt 0:00:00]} 23. g3 {[%emt 0:01:40]} f4 {[%emt 0:00:00]} 24. Qe4 {[%emt 0:00:16]} Qd3 {[%emt 0:00:00]} 25. Qxd3 {[%emt 0:20:17]} Rxd3 {[%emt 0:00:00]} 26. gxf4 {[%emt 0:02:40]} gxf4 {[%emt 0:00:00]} 27. f3 {[%emt 0:01:29]} Rxf3 {[%emt 0:00:00]} 28. Rc7 {[%emt 0:01:28]} Re3 {[%emt 0:00:00]} 29. Rxb7 {[%emt 0:00:36]} Kg6 {[%emt 0:00:00]} 30. a4 {[%emt 0:01:05]} f5 {[%emt 0:00:00]} 31. a5 {[%emt 0:18:41]} Bh4 {[%emt 0:00:00]} 32. Nd2 {[%emt 0:00:36]} Re1+ {[%emt 0:00:00]} 33. Nf1 {[%emt 0:00:07]} Ra1 {[%emt 0:00:30]} 34. b4 {[%emt 0:02:04]} f3 {[%emt 0:00:12]} 35. Rd7 {[%emt 0:01:52]} f4 {[%emt 0:01:24]} 36. Rd3 {[%emt 0:00:48]} f2+ {[%emt 0:01:15]} 37. Kg2 {[%emt 0:00:01]} Kf5 {[%emt 0:05:39]} 38. Rh3 {[%emt 0:01:11]} Kg4 {[%emt 0:00:00]} 39. Rb3 {[%emt 0:00:12]} h6 {[%emt 0:00:00]} 40. b5 {[%emt 0:01:11]} Rxa5 {[%emt 0:00:00]} 41. b6 {[%emt 0:00:27]} Ra8 {[%emt 0:00:00]} 42. b7 {[%emt 0:00:34]} Rb8 {[%emt 0:00:00]} 43. h3+ {[%emt 0:01:13]} Kf5 {[%emt 0:00:00]} 44. Kf3 {[%emt 0:00:23]} Bg3 {[%emt 0:00:00]} 45. Kg2 {[%emt 0:01:11]} Ke4 {[%emt 0:00:02]} 46. Rb5 {[%emt 0:01:15]} Kd3 {[%emt 0:01:03]} 47. Rb3+ {[%emt 0:00:39]} Ke2 {[%emt 0:01:11]} 48. Rb2+ {[%emt 0:00:27]} Kd3 {[%emt 0:00:51]} 1/2-1/2

[Event "Charlotte Spring-B 2022"]
[Site "Charlotte"]
[Date "2022.03.19"]
[Round "6.5"]
[White "Poliannikov, Danila"]
[Black "Johnson, Donald"]
[Result "1-0"]
[WhiteElo "2273"]
[BlackElo "2060"]
[Annotator "NA"]
[PlyCount "142"]
[EventDate "2022.03.16"]
[EventType "tourn"]
[EventCountry "USA"]
[SourceTitle "playchess.com"]
[Source "ChessBase"]
[SourceQuality "1"]
[TimeControl "5400+30"]

1. e4 {[%emt 0:00:01]} e5 {[%emt 0:00:54]} 2. Nf3 {[%emt 0:00:09]} Nc6 {[%emt 0:00:02]} 3. Bb5 {[%emt 0:00:04]} a6 {[%emt 0:00:05]} 4. Ba4 {[%emt 0:00:08]} Nf6 {[%emt 0:00:08]} 5. O-O {[%emt 0:00:03]} Be7 {[%emt 0:00:35]} 6. Re1 {[%emt 0:00:03]} b5 {[%emt 0:00:02]} 7. Bb3 {[%emt 0:00:02]} O-O {[%emt 0:00:10]} 8. a4 {[%emt 0:00:02]} b4 {[%emt 0:00:06]} 9. d3 {[%emt 0:00:24]} d6 {[%emt 0:00:09]} 10. Nbd2 {[%emt 0:01:49]} Na5 {[%emt 0:00:26]} 11. Ba2 {[%emt 0:00:16]} c5 {[%emt 0:00:02]} 12. Nc4 {[%emt 0:04:12]} Nc6 {[%emt 0:00:11]} 13. Bd2 {[%emt 0:19:00]} Rb8 {[%emt 0:09:24]} 14. h3 {[%emt 0:02:41]} h6 {[%emt 0:00:29]} 15. Ne3 {[%emt 0:05:10]} Be6 {[%emt 0:03:49]} 16. Bc4 {[%emt 0:00:10]} Bxc4 {[%emt 0:09:10]} 17. Nxc4 {[%emt 0:00:27]} Re8 {[%emt 0:02:28]} 18. Nh2 {[%emt 0:07:14]} d5 {[%emt 0:18:10]} 19. exd5 {[%emt 0:02:33]} Nxd5 {[%emt 0:03:00]} 20. Nf3 {[%emt 0:21:26]} Bf6 {[%emt 0:01:09]} 21. Qe2 {[%emt 0:35:06]} Kh7 {[%emt 0:12:06]} 22. Be3 {[%emt 0:00:00]} b3 {[%emt 0:13:49]} 23. Bxc5 {[%emt 0:00:00]} Ndb4 {[%emt 0:12:59]} 24. Qe4+ {[%emt 0:00:00]} Kg8 {[%emt 0:01:02]} 25. Nd6 {[%emt 0:00:00]} Re6 {[%emt 0:03:13]} 26. c3 {[%emt 0:00:00]} Nc2 {[%emt 0:00:07]} 27. Nc4 {[%emt 0:00:00]} Nxa1 {[%emt 0:01:13]} 28. Rxa1 {[%emt 0:00:00]} Qc7 {[%emt 0:02:00]} 29. a5 {[%emt 0:00:00]} Ne7 {[%emt 0:08:02]} 30. Bb6 {[%emt 0:00:16]} Qc6 {[%emt 0:00:00]} 31. Nfd2 {[%emt 0:00:15]} Nd5 {[%emt 0:01:00]} 32. Nxb3 {[%emt 0:00:22]} Nxb6 {[%emt 0:00:00]} 33. Qxc6 {[%emt 0:00:54]} Rxc6 {[%emt 0:00:00]} 34. axb6 {[%emt 0:00:09]} Bd8 {[%emt 0:00:00]} 35. Nba5 {[%emt 0:02:02]} Re6 {[%emt 0:00:00]} 36. b7 {[%emt 0:00:06]} Kf8 {[%emt 0:00:00]} 37. Kf1 {[%emt 0:00:21]} Ke8 {[%emt 0:00:00]} 38. b4 {[%emt 0:00:34]} Kd7 {[%emt 0:00:00]} 39. Ke2 {[%emt 0:00:30]} Kc7 {[%emt 0:00:00]} 40. Nb3 {[%emt 0:00:39]} Be7 {[%emt 0:00:40]} 41. Nca5 {[%emt 0:00:23]} Rd8 {[%emt 0:00:54]} 42. Rd1 {[%emt 0:00:00]} Kb8 {[%emt 0:00:43]} 43. Ke3 {[%emt 0:01:07]} f5 {[%emt 0:01:18]} 44. Nd2 {[%emt 0:00:20]} Bg5+ {[%emt 0:00:30]} 45. Ke2 {[%emt 0:00:01]} e4 {[%emt 0:00:27]} 46. d4 {[%emt 0:00:39]} f4 {[%emt 0:00:36]} 47. Ndc4 {[%emt 0:00:30]} f3+ {[%emt 0:01:54]} 48. Kf1 {[%emt 0:03:00]} fxg2+ 49. Kxg2 {[%emt 0:00:01]} Bf4 {[%emt 0:01:16]} 50. d5 {[%emt 0:00:26]} Rg6+ {[%emt 0:00:09]} 51. Kf1 {[%emt 0:02:25]} Rf6 {[%emt 0:00:47]} 52. Ke2 {[%emt 0:00:00]} Bc7 {[%emt 0:00:22]} 53. Nc6+ {[%emt 0:00:00]} Kxb7 {[%emt 0:00:06]} 54. Nxd8+ {[%emt 0:00:00]} Bxd8 {[%emt 0:00:01]} 55. Rd4 {[%emt 0:00:00]} Rf4 {[%emt 0:00:28]} 56. Nd6+ {[%emt 0:00:00]} Kc7 {[%emt 0:00:10]} 57. Rxe4 {[%emt 0:00:08]} Rf8 {[%emt 0:00:08]} 58. Ne8+ {[%emt 0:00:41]} Kd7 {[%emt 0:00:10]} 59. Nxg7 {[%emt 0:00:04]} Bf6 {[%emt 0:00:05]} 60. Ne6 {[%emt 0:00:11]} Rb8 {[%emt 0:00:01]} 61. Nc5+ {[%emt 0:00:19]} Kd8 {[%emt 0:04:15]} 62. Kd3 {[%emt 0:00:49]} h5 {[%emt 0:00:00]} 63. Nxa6 {[%emt 0:00:17]} Ra8 {[%emt 0:00:00]} 64. Re6 {[%emt 0:00:11]} Be7 {[%emt 0:00:00]} 65. b5 {[%emt 0:00:11]} Kd7 {[%emt 0:00:00]} 66. c4 {[%emt 0:00:09]} Rf8 {[%emt 0:00:00]} 67. c5 {[%emt 0:00:23]} Rf3+ {[%emt 0:00:00]} 68. Re3 {[%emt 0:00:19]} Rxf2 {[%emt 0:00:00]} 69. c6+ {[%emt 0:00:17]} Kd6 {[%emt 0:00:00]} 70. Re6+ {[%emt 0:00:14]} Kxd5 {[%emt 0:00:00]} 71. Rxe7 {[%emt 0:05:47]} Rf3+ {[%emt 0:05:00]} 1-0

[Event "Charlotte Spring-B 2022"]
[Site "Charlotte"]
[Date "2022.03.20"]
[Round "7.1"]
[White "Johnson, Donald"]
[Black "Wang, Tianqi"]
[Result "0-1"]
[WhiteElo "2060"]
[BlackElo "2322"]
[Annotator "TA"]
[PlyCount "98"]
[EventDate "2022.03.16"]
[EventType "tourn"]
[EventCountry "USA"]
[SourceTitle "playchess.com"]
[Source "ChessBase"]
[SourceQuality "1"]

{[%evp 11,98,39,29,33,35,34,42,54,43,37,50,25,42,20,24,20,21,27,52,67,73,34,42,36,35,7,13,9,17,-30,-26,-39,-46,-41,-52,-145,-12,-10,-8,-95,-8,-8,-8,0,20,24,18,23,16,8,8,0,0,0,0,0,0,-106,-26,-35,-23,-268,-270,-263,-272,-999,-866,-1968,-1291,-29969,-29968,-29969,-29970,-29970,-29966,-29974,-29970,-29975,-29977,-29977,-29978,-29976,-29975,-29987,-29988,-29991,-29992,-29993,-29994]} 1. e4 e5 2. Nf3 d6 3. d4 exd4 4. Nxd4 Nf6 5. Nc3 Be7 6. g3 O-O 7. Bg2 {C41: Philidor Defence.} Re8 {[%cal Od6d5]} 8. O-O Bf8 9. Re1 {White is slightly better.} c6 10. Bf4 {[#]} a5 $146 ({Predecessor:} 10... Nbd7 11. a4 a5 12. h3 h6 13. g4 Nc5 14. g5 hxg5 15. Bxg5 Be7 16. Qf3 Ne6 {½-½ (63) Fernandez Garcia,J (2427)-Cruz Ravina,F (2345) El Puerto de Santa Maria 2016}) 11. Qd2 Nbd7 12. Rad1 {Black must now prevent Nf5.} Ne5 13. b3 h6 14. h3 Qc7 15. g4 Bd7 16. Nf5 Bxf5 17. gxf5 (17. exf5 d5 $11) 17... Rad8 18. Qe2 Qc8 {[%cal Od6d5]} 19. Be3 Ned7 {Prevents Bb6.} 20. f4 (20. Qf1 $142) 20... d5 $11 {...Bb4 is the strong threat.} 21. e5 $1 {[#]} (21. exd5 $2 Rxe3 $1 {[%mdl 512]} 22. Qxe3 Bc5 $19) 21... Bb4 $1 22. Bd2 Nc5 $1 23. Qf1 ({Better is} 23. a3 $15 Bxc3 24. Bxc3 Qxf5 25. Bxa5) 23... Nh7 ({Black should try} 23... Nh5 $17 24. Ne2 Bxd2 25. Rxd2 Qxf5) 24. f6 gxf6 {Threatens to win with ...Qf5.} 25. Qf2 (25. a3 $1 $11 Bxa3 26. Nb1) 25... Qf5 (25... Nd7 $17 {[%cal Rf6e5]} 26. Kh1 (26. Qg3+ Kh8 $17) 26... fxe5 27. fxe5 (27. Qg3+ Kh8 $17) 27... Nxe5 28. Qg3+ Ng6) 26. a3 Bxc3 (26... Bxa3 27. Nb1 $14) 27. Bxc3 Ne4 28. Bxe4 dxe4 29. Qg2+ Kh8 {Strongly threatening ...Rxd1.} 30. exf6 {[%csl Gc3,Gf6][%cal Rg2g7]} ({Reject} 30. Rxd8 Rxd8 31. Re3 (31. Bxa5 $2 Rg8 $19) 31... Rd1+ 32. Kf2 Qxf4+ 33. Ke2 Rc1 34. Rxe4 Rxc2+ 35. Kd3 Rxg2 $17) 30... Ng5 $1 $132 {[%mdl 2048] aiming for ...Rxd1. Black has counterplay} 31. fxg5 Qc5+ 32. Kh2 $1 {[%cal Og5h6]} Rxd1 33. Rxd1 {[%cal Og5g6] White wants to mate with g6!} Qxc3 {[%mdl 4096] Endgame KQR-KQR} 34. Rg1 (34. Rd7 $11 {keeps the balance.}) 34... Qe5+ $17 35. Kh1 Rg8 {[%cal Rg8g5]} 36. Qe2 $2 {This costs White the game.} (36. h4 $11 {and White stays safe.}) 36... Rxg5 $19 37. Rxg5 Qxg5 (37... hxg5 $2 38. Qh5+ Kg8 39. Qh6 Qxf6 40. Qxf6 $18) 38. Qxe4 $2 {[#]} (38. c4) 38... Qd5 $1 ({Worse is} 38... Qxf6 39. Kg2 $17) 39. Qxd5 cxd5 {KP-KP} 40. h4 {[#]} h5 $1 {Black mates.} 41. Kg2 Kh7 42. Kf3 Kg6 43. Kf4 Kxf6 44. a4 b6 45. c3 Ke6 46. Kg5 f5 47. Kxh5 Kf6 48. b4 axb4 49. cxb4 d4 {Weighted Error Value: White=0.59/Black=0.11 (very precise)} 0-1

[Event "Charlotte Spring-B 2022"]
[Site "Charlotte"]
[Date "2022.03.20"]
[Round "7.2"]
[White "Rusonik, Max"]
[Black "Poliannikov, Danila"]
[Result "0-1"]
[WhiteElo "2141"]
[BlackElo "2273"]
[Annotator "TA"]
[PlyCount "94"]
[EventDate "2022.03.16"]
[EventType "tourn"]
[EventCountry "USA"]
[SourceTitle "playchess.com"]
[Source "ChessBase"]
[SourceQuality "1"]

{[%evp 17,94,1,9,6,10,0,0,-1,15,2,18,0,0,0,22,10,27,12,24,-29,37,39,39,28,29,25,53,53,66,62,46,20,31,0,0,0,0,0,-2,-12,-8,-83,0,0,0,0,0,-7,0,-8,-2,-8,0,0,0,-9,-8,-115,-92,-78,-83,-508,-583,-575,-550,-585,-572,-555,-551,-550,-536,-890,-812,-796,-723,-1245,-1084,-2341,-1891]} 1. e4 e5 2. Nf3 Nc6 3. Bc4 Bc5 4. c3 Nf6 5. d4 exd4 6. e5 d5 7. Bb5 Ne4 8. cxd4 Bb6 9. Nc3 O-O 10. Be3 {C54: Giuoco Piano: 4 c3 Nf6, main lines with 5 d4 and 5 d3.} Bg4 11. h3 Bh5 12. Qc2 {The position is equal.} Bg6 {aiming for ...Nxc3. 12...Nxc3 deserves study.} 13. Qb3 Ne7 14. O-O c6 {Hoping for ...Nxc3.} 15. Bd3 Nf5 {[%cal Of5d4]} 16. Qc2 Nxe3 17. fxe3 {[%cal Rc3e4] [#]} Ng5 $146 ({Predecessor:} 17... Ng3 18. Bxg6 hxg6 19. Rf2 f5 20. Ne2 Ne4 21. Rff1 g5 22. Nd2 Qd7 23. a4 Ba5 {½-½ (32) Aronian,L (2758)-Adams,M (2694) Batumi 2019}) 18. Ne2 ({Better is} 18. Bxg6 hxg6 19. Rac1) 18... Qe7 (18... Bxd3 $11 19. Qxd3 Ne4) 19. Bxg6 $14 hxg6 20. Nxg5 Qxg5 21. Nf4 Rae8 {[%cal Oe8e5]} 22. Rf3 Qf5 23. Qxf5 (23. Nd3 {feels hotter.} Qd7 24. Qb3 Qc8 25. Raf1 Bd8 26. Qa3) 23... gxf5 24. Nd3 g6 25. b4 (25. a4 $5 {[%cal Ra4a5]}) 25... f6 26. g4 fxg4 27. hxg4 fxe5 28. Rxf8+ Kxf8 $11 {[%mdl 4096] Endgame KRB-KRN} 29. Rf1+ {[#]} (29. Nxe5 $11 {remains equal.} Bc7 30. Nd7+ (30. Rf1+ Kg8 $17) 30... Kf7 31. Rf1+ Kg7 32. Kf2) 29... Kg7 ({Black should play} 29... Kg8 $1 $17 30. Nxe5 Bc7) 30. Nxe5 {Rf7+ is the strong threat.} Re7 {Inhibits Rf7+.} 31. Kf2 Bc7 32. Nd3 Kf6 33. Rg1 Kg5 34. Ne1 Bd6 35. a3 Kf6 36. Nd3 Rh7 37. Nf4 (37. Kf3 $11 {keeps the balance.}) 37... Rh2+ $17 38. Rg2 {[#]} Rh1 39. Rg1 $2 {[%mdl 8192] Prevents Ra1. White does not recover from this.} (39. Rg3 $17 {is a better chance.}) 39... Rxg1 $19 {Black is clearly winning.} 40. Kxg1 {KB-KN} Kg5 $1 {[%csl LRf4,LRg4]} 41. Ne6+ Kxg4 42. Kf2 Be7 {To avoid Nd8} 43. Nf4 g5 44. Ne2 a5 45. bxa5 Bxa3 46. Nc3 Bb4 {[%csl LRa5,LRc3]} 47. Na4 Kh3 {Weighted Error Value: White=0.62/Black=0.08 (flawless)} 0-1